000 00736nam a22002417a 4500
005 20251108173141.0
008 250721s2004 xx 000 0 ara d
020 _a9773456382
082 1 4 _a371.911/ ويل
100 1 _aويليامز، ديانا
245 1 0 _aالمهارات البصرية المبكرة /
246 1 1 _aEARLY VISUAL SKILLS
264 1 _aالقاهرة :
_bدار الفاروق للنشر و التوزيع،
_c2004.
300 _a224ص.
650 1 7 _aالتربية الخاصة
650 1 7 _aالأطفال
650 1 7 _aالطلاب المعوقون
650 1 7 _aالصم
650 1 7 _aالمكفوفون
700 1 _aالعامري، خالد
_etran.
942 _2ddc
_cBK
999 _c97200
_d97200